Все города Ленинградской области - Statistics

General Stats
  • This quiz has been taken 101 times
  • The average score is 14 of 37
Answer Stats
Города % Correct
Выборг
87%
Гатчина
83%
Мурино
74%
Санкт-Петербург
61%
Кудрово
57%
Кингисеп
57%
Ивангород
54%
Сосновый Бор
50%
Луга
50%
Шлиссельбург
50%
Бокситогорск
48%
Тихвин
46%
Волхов
46%
Сланцы
46%
Лодейное поле
43%
Приозерск
43%
Сертолово
41%
Высоцк
41%
Кириши
39%
Тосно
37%
Сясьстрой
37%
Приморск
33%
Любань
33%
Кировск
30%
Коммунар
30%
Новая Ладога
28%
Светогорск
26%
Каменногорск
26%
Пикалёво
22%
Бугры
20%
Никольское
20%
Отрадное
17%
Подпорожье
17%
Волосово
15%
Всеволжск
13%
Тельмана
13%
Колтуши
13%
No matching quizzes found
Score Distribution
Percent of People with Each Score
Percentile by Number Answered
Your Score History
You have not taken this quiz